Подготовка выпускников-лидеров, конкурентоспособных на мировом рынке труда; Импульс - 2009; Т. 3

Bibliografiska uppgifter
Parent link:Импульс - 2009: труды VI Всероссийской научно-практической конференции студентов, молодых ученых и предпринимателей в сфере экономики, менеджмента и инноваций, 26-27 ноября 2009 г. г.Томск/ Томский политехнический университет (ТПУ); под ред. С. Л. Ереминой.— , 2009
Т. 3.— 2009.— С. 67-69
Huvudupphovsman: Кулюкина Е. С. Евгения Сергеевна
Språk:ryska
Publicerad: 2009
Ämnen:
Materialtyp: Bokavsnitt
KOHA link:https://koha.lib.tpu.ru/cgi-bin/koha/opac-detail.pl?biblionumber=176547

MARC

LEADER 00000naa2a2200000 4500
001 176547
005 20231031165332.0
035 |a (RuTPU)RU\TPU\book\191393 
090 |a 176547 
100 |a 20100301d2009 k y0rusy50 ca 
101 0 |a rus 
102 |a RU 
200 1 |a Подготовка выпускников-лидеров, конкурентоспособных на мировом рынке труда  |f Е. С. Кулюкина 
320 |a Библиогр.: 4 назв. 
461 1 |0 (RuTPU)RU\TPU\book\187714  |t Импульс - 2009  |o труды VI Всероссийской научно-практической конференции студентов, молодых ученых и предпринимателей в сфере экономики, менеджмента и инноваций, 26-27 ноября 2009 г. г.Томск  |o в 3 т.  |f Томский политехнический университет (ТПУ); под ред. С. Л. Ереминой  |d 2009 
463 0 |0 (RuTPU)RU\TPU\book\186924  |t Т. 3  |v С. 67-69  |d 2009  |p 286 с. 
610 1 |a рынок труда 
610 1 |a подготовка кадров 
610 1 |a выпускники 
610 1 |a вузы 
610 1 |a инженерное образование 
610 1 |a международный обмен 
610 1 |a мировой рынок 
610 1 |a руководящие кадры 
610 1 |a труды учёных ТПУ 
700 1 |a Кулюкина  |b Е. С.  |c специалист в области организации международного сотрудничества  |c главный эксперт, доцент Томского политехнического университета, кандидат педагогических наук  |f 1982-  |g Евгения Сергеевна  |2 stltpush  |3 (RuTPU)RU\TPU\pers\26862 
801 1 |a RU  |b 63413507  |c 20100301 
801 2 |a RU  |b 63413507  |c 20161111  |g RCR 
942 |c BK